000 nam a22 a 4500
999 _c400698
_d400698
003 BLK
005 20210317135619.0
008 180411b bul|||||r ||||||| ||bul||
010 _aKNG00199070000
040 _aBLK
041 _aBUL
_cBUL
072 _9178370
_aЯ
_xАвтографи
080 _aВоенна история - Военни походи, битки, героични подвизи. Вж и 93/99
_b355.48
_x(497.2)
_z355.48(497.2)
100 1 _aИгнатова, Красимира Русева
_eпърви автор
_9380727
139 _aИгнатова, Красимира Русева
_bН 21
245 1 0 _aВуто Ничев Нанов
_b100 години достойнство и чест
_cКрасимира Русева Игнатова.
257 _aBGR
260 _c2020
_aРусе
_bАвангард принт
_9209556
300 _a79 с.
_bсъс сн., факс.
_c20 см
380 _a3
500 _aИзд. на Регион. съюз на офицерите и сержантите от запаса и резерва - Русе, Воен. клуб - Русе. Автограф: С уважение Вуто Нанов, 10.03.2020 г., Русе
600 1 4 _aНанов, Вуто
_9100595
650 _aБКП - Русенски край - дейци
_9443078
650 0 _aОтечествен фронт - история
_9301498
651 4 _aРусе
_9179462
659 7 _9178167
_aЯ
_xАвтографи
852 _bК
_c35/ И 29 К
856 4 _qpdf
856 4 _qpdf
942 _cKNG
_n0
_s1
944 _aCR
_c2021-03-11
999 _d400698
999 _d400698
999 _d400698
999 _d400698
999 _d190011